000
00283 a2200121 4500
000
nam a22 7a 4500
005
20260207103941.0
020
_a
9789362872050
100
_a
Manish Kumar Singh
_9
1114330
245
_a
Ardhviram
260
_b
Vani Prakashan
_c
2025
942
_c
TEXL
999
_c
1678874
_d
1678874